00333nam a2200133Ia 4500008004100000020001500041041001200056082001100068100001700079245004800096260003500144300000800179650001200187221030s9999 xx 000 0 und d a8120720903 aEnglish a105.23 aB. N. Kakkar 0aEnrich Your Grammar Current Words & Phrases bSterling Pub.aNew Delhic2006 a111 aEnglish